Narodowy Pomnik Rzezi Wołyńskiej w Domostawie: (Record no. 91076)
[ view plain ]
| 000 -LEADER | |
|---|---|
| fixed length control field | 00739nam a22002177a 4500 |
| 003 - CONTROL NUMBER IDENTIFIER | |
| control field | NyNyJPI |
| 005 - DATE AND TIME OF LATEST TRANSACTION | |
| control field | 20260414175529.0 |
| 008 - FIXED-LENGTH DATA ELEMENTS--GENERAL INFORMATION | |
| fixed length control field | 260407b |||||||| |||| 00| 0 eng d |
| 020 ## - INTERNATIONAL STANDARD BOOK NUMBER | |
| International Standard Book Number | 9788397640405 |
| 040 ## - CATALOGING SOURCE | |
| Transcribing agency | IJP |
| 041 ## - LANGUAGE CODE | |
| Language code of text/sound track or separate title | pol |
| 100 ## - MAIN ENTRY--PERSONAL NAME | |
| Personal name | Zych, Witold |
| 245 ## - TITLE STATEMENT | |
| Title | Narodowy Pomnik Rzezi Wołyńskiej w Domostawie: |
| Remainder of title | Uroczystość odsłonięcia 14 lipca 2024 roku. |
| Statement of responsibility, etc. | Witold Zych. |
| 260 ## - PUBLICATION, DISTRIBUTION, ETC. | |
| Place of publication, distribution, etc. | Domostawa, |
| Name of publisher, distributor, etc. | Społeczny Komitet Budowy Pomnika „Rzeź Wołyńska” w Domostawie, |
| Date of publication, distribution, etc. | 2025. |
| 300 ## - PHYSICAL DESCRIPTION | |
| Extent | p. 145, [15]: |
| Other physical details | ill. : |
| Size of unit | 30 cm. |
| 650 ## - SUBJECT ADDED ENTRY--TOPICAL TERM | |
| Topical term or geographic name entry element | Pomniki |
| Geographic subdivision | Polska, Domostawa |
| 650 ## - SUBJECT ADDED ENTRY--TOPICAL TERM | |
| Topical term or geographic name entry element | Masakry |
| General subdivision | historia |
| Chronological subdivision | 20 w. |
| Geographic subdivision | Ukraina |
| 650 ## - SUBJECT ADDED ENTRY--TOPICAL TERM | |
| Topical term or geographic name entry element | Pamięć zbiorowa |
| Chronological subdivision | 21 w. |
| 651 ## - SUBJECT ADDED ENTRY--GEOGRAPHIC NAME | |
| Geographic name | Domostawa |
| General subdivision | History |
| Geographic subdivision | Polska |
| 942 ## - ADDED ENTRY ELEMENTS (KOHA) | |
| Source of classification or shelving scheme | Other/Generic Classification Scheme |
| Koha item type | Books |
| Suppress in OPAC | No |
| Withdrawn status | Lost status | Source of classification or shelving scheme | Damaged status | Not for loan | Home library | Current library | Date acquired | Total checkouts | Full call number | Date last seen | Price effective from | Koha item type |
|---|---|---|---|---|---|---|---|---|---|---|---|---|
| Other/Generic Classification Scheme | Not for loan | Józef Piłsudski Institute | Józef Piłsudski Institute | 04/07/2026 | K 1813 | 04/07/2026 | 04/07/2026 | Books |


